|
|
|
|
| LEADER |
00000cam a2200000 a 4500 |
| 001 |
vtls010623842 |
| 003 |
SK-MaSNL |
| 005 |
20260301133939.0 |
| 008 |
250313s1978 xo a 000 0 slo |
| 015 |
|
|
|a SNBA1978
|
| 035 |
|
|
|a 36A6BF1B-AFBC-45B5-951D-6BFAB3AF4E9E
|
| 035 |
|
|
|a urn:nbn:sk:snk-amjzcg
|
| 035 |
|
|
|a urn:nbn:sk:snk-am00813k
|
| 040 |
|
|
|a SNK
|b slo
|c SNK
|e AACR2
|
| 041 |
0 |
|
|a slo
|
| 044 |
|
|
|a xo
|c SK
|
| 080 |
|
|
|a 027.54.021(437.642-21)"1971/1990"
|2 1981
|
| 245 |
0 |
0 |
|a Súčasný stav a perspektívy rozvoja Štátnej vedeckej knižnice v Banskej Bystrici do roku 1990
|c zost. kol. ved. prac.
|
| 260 |
|
|
|a Banská Bystrica
|b Štátna vedecká knižnica
|c 1978
|
| 300 |
|
|
|a [2], 17, [3] s., 13 tb. [2] s.
|b tab.
|c 4°
|
| 610 |
2 |
7 |
|a Štátna vedecká knižnica v Banskej Bystrici
|2 SNKKA
|9 224469
|
| 648 |
|
7 |
|a 1971-1990
|2 SNKPH
|9 314881
|
| 655 |
|
7 |
|a analýzy
|2 SNKPH
|9 22242
|
| 852 |
|
|
|a Slovenská národná knižnica
|
| 958 |
|
|
|a OND
|
| 999 |
|
|
|c 755189
|d 757119
|
| 952 |
|
|
|a SNK
|b SNK
|y PREZ
|7 0
|p 17A0972518
|o snkSB 28829
|i snkKSP 2437/80
|0 0
|1 0
|4 0
|d 2014-09-24
|f 1
|l 0
|r 2026-02-23 23:46:27
|w 2026-02-23
|